000 00843nam a2200253Ia 4500
003 GCL
008 140319s9999 xx 000 0 ara d
040 _aGCL /
_cGCL
082 0 4 _a346.02
_bج م
100 1 _aجمال الدين طه جمعة
245 1 0 _aالمرجع العملى فى الامتداد القانونى لعقود الايجار /
_cجمال الدين طه جمعة
700 1 _aاحمد شاكر
260 _a[S.N] :
_b2000 للثقافة والنشر ،
_c1987
300 _a300 ص
490 _aسلسلة المرجع
_v0
650 0 4 _aالقانون
650 0 4 _aالاحوال الشخصية
650 0 4 _aالايجارات
650 0 4 _aالقانون المدنى
650 0 4 _aالملكية
650 0 4 _aعقود الايجار
650 0 4 _aالقضاء المستعجل
942 _2ddc
_cBK
999 _c29024
_d29024